7 kier. Zabrze Goethego (ZTM) - Statystyki

Ogólne statystyki
  • Ten quiz został rozwiązany 9 razy
  • Średni wynik to 17 z 38
Statystyki odpowiedzi
Odpowiedź % Poprawnych
Guido Kopalnia Zabytkowa
80%
Pawłów Dom Kultury
80%
Zabrze Goethego
80%
Dąb Huta Baildon
60%
Katowice Plac Wolności
60%
Pawłów Kościół
60%
Pawłów Łaskiego Przychodnia
60%
Zabrze Jagiełły Targowisko
60%
Bielszowice Kokota
40%
Bielszowice Kopalnia
40%
Bielszowice Na Piaski
40%
Bielszowice Przychodnia
40%
Chorzów Batory Dworzec PKP
40%
Chorzów Batory Urząd skarbowy
40%
Chorzów Batory Zajezdnia
40%
Dąb Kościół
40%
Katowice Sokolska
40%
Kochłowice Kolonia
40%
Kochłowice Kopalnia Nowy Wirek
40%
Kochłowice Kościół
40%
Kochłowice Krzyż
40%
Kochłowice Szyb Alina
40%
Kochłowice Tunkla
40%
Osiedle Tysiąclecia Mieszka I
40%
Osiedle Tysiąclecia Zawiszy Czarnego
40%
Osiedle Tysiąclecia Zoo
40%
Pawłów Szyb
40%
Świętochłowice Mijanka
40%
Wirek Kościół
40%
Wirek Mrówcza Górka
40%
Wirek Osiedle
40%
Wirek Przejazd Kolejowy
40%
Wirek Ratusz
40%
Zabrze 3 Maja Szpital
40%
Załęże Ośrodek Sportowy
40%
Zgoda Droga Kochłowicka
40%
Zgoda Skrzyżowanie
40%
Bielszowice Kolonia
20%
Nie znaleziono quizów pasujących do podanych kryteriów
Rozkład punktacji
Procent ludzi z każdym wynikiem
Percentyl według liczby udzielonych odpowiedzi
Twoja historia wyników
Nie rozwiązałeś tego quizu